Consideraciones sociologicas sobre el desarrollo economico en America Latina.

Saved in:
Bibliographic Details
Main Author: Medina Echavarría, José, 1903-
Format: Book
Language:English
Published: [Montevideo] : Ediciones de la Banda Oriental , [1964].
Series:Coleccion Cuadernos de America ; 1
Subjects:
LEADER 01161nam a2200253 i 4500
001 c000252208
003 CARM
005 00000000000000.0
008 840413s1964 ay 0 eng d
019 1 |a 10224462  |z 27992419  |5 LACONCORD2021 
035 |a (OCoLC)4269226  |5 LACONCORD2021 
082 0 4 |a 309.18 
100 2 |a Medina Echavarría, José,  |d 1903- 
245 1 0 |a Consideraciones sociologicas sobre el desarrollo economico en America Latina. 
260 |a [Montevideo] :  |b Ediciones de la Banda Oriental ,  |c [1964]. 
300 |a 145 p. 
440 0 |a Coleccion Cuadernos de America ;  |v 1 
500 |a "Edicion autorizada del Documento: E/CN 12/646 presentada por la Comision Economica para America Latina (CEPAL) al decimo periodo de sesiones, Mar del Plata, Argentina, mayo de 1963". 
650 0 |a Social change  |z Latin America. 
651 0 |a Latin America  |x Social conditions. 
651 0 |a Latin America  |x Economic policy. 
852 8 |b CARM  |h A2:AO29G0  |i B06886  |p 0320796  |f BK 
999 f f |i f908b94e-13e2-55f7-8cdb-bb553df47085  |s ce224e36-ac83-511b-b65f-1f57bdb316d5 
952 f f |p Can circulate  |a CAVAL  |b CAVAL  |c CAVAL  |d CARM 1 Store  |e B06886  |f A2:AO29G0  |h Other scheme  |i book  |m 0320796